| 000 | 00794nam a2200241 a 4500 | ||
|---|---|---|---|
| 003 | MX-MxUPN | ||
| 005 | 20240809063721.0 | ||
| 008 | 991125s1969 fi a gr 000 0 eng d | ||
| 035 | _aUPN01000014504 | ||
| 040 |
_aMX-MxUPN _bspa _cMX-MxUPN |
||
| 041 | _aeng | ||
| 050 | 4 |
_aBF723 A3.5 _bP5.2 |
|
| 100 | 1 |
_aPitkänen, Lea _952938 |
|
| 245 | 1 | 0 | _aA descriptive model of aggression and nonaggression with applications to children's behaviour |
| 260 |
_aJyväskylä (Fin.) : _bJyväskylän Yliopisto, _c1969. |
||
| 300 |
_a208 páginas: _bilustraciones |
||
| 490 | 0 |
_aJyväskylä studies in education, psychology and social research ; _v19 |
|
| 504 | _aIncluye bibliografía. | ||
| 650 | 2 |
_aAgresión _92247 |
|
| 650 | 4 |
_aConducta infantil _95683 |
|
| 905 | _aLibro | ||
| 942 |
_2lcc _cLIBRO _n0 |
||
| 999 |
_c14504 _d14504 |
||